000 00509nam a2200205Ia 4500
005 20230922102919.0
008 131103s9999 xx 000 0 und d
020 _a330247328
040 _aLoreto College
041 _aEnglish
082 _aF
_bMUN
100 _aMunro,H.H.
245 4 _aThe Best of Saki
_cH.H.Munro;introduced by Tom Sharpe
260 _aLondon
_bPicador
_c1910
300 _a250 p.
650 _aFiction in English
700 _aSharpe,Tom;intro.
850 _aLCLIB
942 _cBK
999 _c15846
_d66325